| 000 | 00620nam a22002177a 4500 | ||
|---|---|---|---|
| 999 |
_c6351 _d6351 |
||
| 003 | AR-CdUCM | ||
| 008 | 190315b ||||| |||| 00| 0 spa d | ||
| 020 | _a9972-9680-8-1 | ||
| 040 |
_aMUNICIPALIDAD PROVINCIAL DEL CUSCO _cBIBLIOTECA MUNICIPAL DEL CUSCO |
||
| 082 |
_a801.951 / _bQ62 |
||
| 100 |
_aQuintanilla, Alberto _913910 |
||
| 245 | _aTayanka / | ||
| 260 |
_aCusco : _bPetroglifo, _c2004. |
||
| 300 |
_a40 páginas ; _bIlustraciones, _c21 cm. |
||
| 505 | _aContenido : Poesía | ||
| 650 |
_aPoesía _9444 |
||
| 650 |
_aPintor _918137 |
||
| 650 |
_aLiteratura _9416 |
||
| 942 |
_2ddc _cLIBROS |
||
| 945 | _admma | ||